MLB Pitchers with 200 Losses - Statistics

General Stats
  • This quiz has been taken 21 times
  • The average score is 18 of 45
Answer Stats
Years Active Teams Career W-L Record Answer % Correct
1986 - 2008 Cubs, Braves 355 - 227 Greg Maddux
100%
1963 - 1989 White Sox, Dodgers, Yankees 288 - 231 Tommy John
95%
1907 - 1927 Senators 417 - 279 Walter Johnson
95%
1890 - 1911 Spiders, Cardinals, Red Sox 511 - 315 Cy Young
90%
1966 - 1993 Mets, Angels, Astros, Rangers 324 - 292 Nolan Ryan
90%
1987 - 2008 Braves, Mets 305 - 203 Tom Glavine
86%
1967 - 1988 Astros, Tigers 221 - 204 Joe Niekro
81%
1964 - 1987 Braves, Yankees 318 - 274 Phil Niekro
81%
1965 - 1988 Cardinals, Phillies 329 - 244 Steve Carlton
81%
1967 - 1986 Mets, Reds, White Sox 311 - 205 Tom Seaver
76%
1942 - 1965 Milwaukee Braves 363 - 245 Warren Spahn
67%
1970 - 1992 Twins, Pirates, Indians 287 - 250 Bert Blyleven
62%
1871 - 1887 NY Mutuals, Athletics 297 - 248 Bobby Mathews
62%
1966 - 1988 Dodgers, Brewers, Angels 324 - 256 Don Sutton
62%
1965 - 1983 Cubs, Rangers 284 - 226 Fergie Jenkins
62%
1962 - 1983 Giants, Indians, Rangers, Padres 314 - 265 Gaylord Perry
62%
1911 - 1930 Phillies, Cubs, Cardinals 373 - 208 Grover Alexander
52%
1948 - 1966 Phillies, Orioles 286 - 245 Robin Roberts
48%
1986 - 2012 Mariners, Phillies, Cubs, Orioles 269 - 209 Jamie Moyer
43%
1967 - 1985 Mets, Twins, White Sox, Phillies 222 - 209 Jerry Koosman
43%
1914 - 1935 Red Sox, Yankees, Senators, White Sox 229 - 217 Sam Jones
38%
1939 - 1963 Senators, Indians, White Sox 300 - 244 Early Wynn
33%
1973 - 1993 Angels, Tigers 240 - 236 Frank Tanana
33%
1959 - 1983 Twins, White Sox 283 - 237 Jim Kaat
33%
1890 - 1906 Braves 362 - 208 Kid Nichols
33%
1970 - 1994 Dodgers, Rangers 216 - 216 Charlie Hough
24%
1875 - 1892 Buffalo Bison, Pittsburgh Alleghenies 365 - 310 Pud Galvin
24%
1923 - 1946 White Sox 260 - 230 Ted Lyons
24%
1880 - 1893 Troy Trojans, NY Metropolitans, Giants 342 - 225 Tim Keefe
24%
1951 - 1966 Pirates 197 - 230 Bob Friend
19%
1880 - 1892 Troy Trojans, Giants 307 - 210 Mickey Welch
19%
1924 - 1947 Red Sox, Yankees 273 - 225 Red Ruffing
19%
1916 - 1934 Dodgers, Pirates, Cardinals 270 - 212 Burleigh Grimes
10%
1912 - 1933 Phillies, Reds 266 - 251 Eppa Rixey
10%
1929 - 1953 Senators, Browns, Athletics, Tigers 211 - 222 Bobo Newsom
5%
1909 - 1933 Yankees, Athletics, Red Sox 247 - 218 Jack Quinn
5%
1931 - 1945 Reds 223 - 212 Paul Derringer
5%
1914 - 1933 White Sox 254 - 213 Red Faber
5%
1896 - 1909 Louisville Colonels, Phillies, Cubs 175 - 212 Chick Fraser
0%
1887 - 1901 Phillies, Athletics 264 - 232 Gus Weyhing
0%
1897 - 1912 Cardinals, Browns 245 - 255 Jack Powell
0%
1878 - 1887 Cleveland Blues, White Stockings 265 - 214 Jim McCormick
0%
1881 - 1890 Braves 191 - 204 Jim Whitney
0%
1881 - 1894 Reds 284 - 220 Tony Mullane
0%
1898 - 1910 Braves, Pirates 249 - 205 Vic Willis
0%
No matching quizzes found
Score Distribution
Percent of People with Each Score
Percentile by Number Answered
Your Score History
You have not taken this quiz